Consttitutions of international institute of heart of Jesus / [por] International Institute of the Heart of Jésus

Bewaard in:
Bibliografische gegevens
Coauteur: International Institute of the Heart of Jésus
Formaat: Boek
Onderwerpen:
Tags: Voeg label toe
Geen labels, Wees de eerste die dit record labelt!

MARC

LEADER 00000nam^a2200000^u^4500
001 000539035
005 20250521000000.0
008 060220s1000^^^^^^^^^^^^r^^^^^000^0^spa^d
009 20260310131134.472
035 |a FMI 000006050 
037 |a Acervo Xavier Clavigero 
096 |a 5.1.1/4/E 
110 |a International Institute of the Heart of Jésus 
245 1 0 |a Consttitutions of international institute of heart of Jesus / [por] International Institute of the Heart of Jésus 
264 |a Milwakee ; Roma : International Institute of the Heart of Jésus, 1979 
300 |a 51 p. 
336 |a texto  |b txt  |2 rdacontenido 
337 |a sin mediación  |b n  |2 rdamedio 
338 |a volumen  |b nc  |2 rdasoporte 
597 |a Aprobado por el buró de directores del International Institute of the Heart of Jésus en Jerusalén, el 25 de mayo de 1979. Inglés francés, español y alemán. 
649 |a XX 
650 |a SAGRADO CORAZON 
910 |a Fondo Francisco Migoya Covarrubias S.J. 
920 |a Impresos - Libros 
930 |a Fondos Especiales 
905 |a 134 
901 |a SBC14049  |b IT2  |c ESP  |u 20250521 
902 |a https://opac.biblio.iteso.mx/vufind/Record/000539035